| 000 | 00523nam a2200181Ia 4500 | ||
|---|---|---|---|
| 008 | 120316t1988 xxu||||| |||| 00| 0 sin d | ||
| 041 | _asin | ||
| 080 |
_a8-31 (Indeeya) _bBAN |
||
| 100 | _aBandeyapadyaya , Wibuti Bushana | ||
| 245 | _aඅපරාජිත ජීවිතයක් | ||
| 246 | _aAparajita Jeevitayak | ||
| 260 |
_aLassanana _aWallampitiya _c1988 |
||
| 300 | _b221p, 21 cm | ||
| 700 |
_aSinhaarachchi , Chinta Lakshmi _etr. |
||
| 942 | _cBK | ||
| 999 |
_c40669 _d40669 |
||
| 003 | LK-CoDNM | ||
| 040 |
_aLK-CoDNM _dLK-CoDNM _eLK-CoDNM |
||